MARC

LEADER 00000nam0a2200000 4500
001 364744
005 20231102011723.0
035 |a (RuTPU)RU\TPU\retro\22102 
090 |a 364744 
100 |a 20211126d1980 km y0rusy50 ca 
101 0 |a rus 
102 |a RU 
105 |a a z 001zy 
200 1 |a Конструкции из клеевой древесины и пластмасс  |e межвузовский тематический сборник трудов  |f Ленинградский инженерно-строительный институт 
210 |a Ленинград  |c Изд-во ЛИСИ  |d 1980 
215 |a 122 с.  |c ил. 
320 |a Библиогр. в конце ст. 
606 1 |a Конструкции из дерева и пластмасс  |2 stltpush  |3 (RuTPU)RU\TPU\subj\15435  |9 41674 
610 1 |a строительные конструкции 
610 1 |a клееные конструкции 
610 1 |a клееные конструкции 
610 1 |a пластмассовые конструкции 
610 1 |a материалы 
610 1 |a свойства 
610 1 |a защита 
675 |a 624.011  |v 4 
712 0 2 |a Ленинградский инженерно-строительный институт  |c (1941-1992)  |2 stltpush  |3 (RuTPU)RU\TPU\col\7808  |9 24389 
801 1 |a RU  |b 63413507  |c 20211126 
801 2 |a RU  |b 63413507  |c 20211126  |g RCR 
942 |c BK